Fundamentos de la investigación en psicología social /

Guardat en:
Dades bibliogràfiques
Autor principal: Crano, William D. (autor)
Altres autors: Brewer, Marilynn B. (autor) (autor)
Format: Llibre
Idioma:espanyol
Publicat: México : El Manual Moderno, 1977, c1977
Matèries:
Etiquetes: Afegir etiqueta
Sense etiquetes, Sigues el primer a etiquetar aquest registre!

MARC

LEADER 00000nam^a2200000^a^4500
001 000181979
005 20250521000000.0
009 20260310101950.491
037 |a Acervo ITESO - Biblioteca 
041 |a ESP 
082 |a 302. 01  |b CRA 
100 |a Crano, William D.  |e (autor) 
245 1 0 |a Fundamentos de la investigación en psicología social /  |c W.D. Crano, M.B. Brewer ; tr. por Miguel Salas Sánchez. 
264 4 |a México :  |b El Manual Moderno,  |c 1977, c1977 
300 |a 368 p. 
336 |a texto  |b txt  |2 rdacontenido 
337 |a sin mediación  |b n  |2 rdamedio 
338 |a volumen  |b nc  |2 rdasoporte 
500 |a Traducción de: Principles of Research in Social Psychology 
649 |a XX 
650 |a Psicología Social -  |x Metodología 
650 |a Investigación -  |x Metodología 
650 |a Psicología Social -  |x Investigación -  |x Tema Principal 
650 |a Sociología 
700 |a Brewer, Marilynn B.  |e (autor) 
910 |a Fondo General 
920 |a Impresos - Libros 
930 |a Colección General 
905 |a 101 
901 |a 0500121798  |b IT1  |c ACC  |u 20250521 
902 |a https://opac.biblio.iteso.mx/vufind/Record/000181979